| 000 | 00541nam a2200193Ia 4500 | ||
|---|---|---|---|
| 005 | 20250508152812.0 | ||
| 008 | 008 250505s9999 xx 000 0 eng d | ||
| 037 | _aTextual | ||
| 040 |
_aFEDL _beng _cFEDL |
||
| 041 |
_aeng _2eng |
||
| 084 |
_a155.4, THO _qFEDL |
||
| 100 |
_aThorpe Louis P. _986049 |
||
| 245 | 0 | _aChild psychology and development | |
| 260 |
_aNew York, USA _bRonald Press Company _c1946 |
||
| 300 | _axxvi,781p. | ||
| 650 | _aChild Psychology | ||
| 942 |
_cTEXL _h155.4, THO |
||
| 999 |
_c1338845 _d1338845 |
||